[Event "Pfalz op-A 11th"]
[Site "Neustadt an der Weinstrasse"]
[Date "2020.02.22"]
[Round "2"]
[White "Bruckmann, Jochen"]
[Black "Cofman, Veaceslav"]
[Result "0-1"]
[WhiteElo "1938"]
[BlackElo "2278"]
[PlyCount "126"]
[EventDate "2020.02.21"]
[EventType "swiss"]
[EventRounds "9"]
[EventCountry "GER"]
[SourceTitle "CBM 195 Extra"]
[Source "ChessBase"]
[SourceDate "2020.05.31"]
[SourceVersion "1"]
[SourceVersionDate "2020.05.31"]
[SourceQuality "1"]

1. e4 e6 2. d4 d5 3. exd5 exd5 4. Bd3 Nf6 5. Bf4 Bd6 6. Qe2+ Be6 7. Bxd6 Qxd6 8. Nf3 0-0 9. 0-0 Bg4 10. h3 Re8 11. Qd1 Bh5 12. Nbd2 Nbd7 13. c3 Ne4 14. Qc2 Bg6 15. Rfe1 Qf4 16. Re2 Nxd2 17. Qxd2 Qxd2 18. Rxd2 Be4 19. Bxe4 dxe4 20. Nh2 f5 21. f4 Nb6 22. Re1 Nd5 23. g3 b5 24. Rde2 Kf7 25. Nf1 Ke6 26. Nd2 Kd7 27. a3 Rab8 28. Nf1 Ke6 29. Nd2 Kd7 30. Nf1 Rg8 31. Ne3 Ne7 32. Kf2 a5 33. g4 g6 34. g5 b4 35. axb4 axb4 36. Ra1 bxc3 37. bxc3 Rb3 38. c4 h6 39. h4 hxg5 40. hxg5 Rh8 41. Kg2 Rh4 42. Rf1 Nc6 43. d5 Nd4 44. Ree1 Rb2+ 45. Rf2 Rxf2+ 46. Kxf2 Rxf4+ 47. Kg2 Rf3 48. c5 f4 49. Nc4 Rg3+ 50. Kf1 e3 51. Ne5+ Ke8 52. Nxg6 Nf3 53. Nxf4 Rg1+ 54. Ke2 Nxe1 55. Ne6 Nc2 56. Nxc7+ Kd7 57. Ne6 Rg2+ 58. Kf3 e2 59. c6+ Ke7 60. c7 e1Q 61. c8Q Qe2+ 62. Kf4 Rg4+ 63. Kf5 Qe4# 0-1

[Event "Ruhrgebiet Verbandsklasse Gruppe 3 1819"]
[Site "Nordrheinwestfalen"]
[Date "2018.11.04"]
[Round "3.7"]
[White "Carls, Christoph"]
[Black "Bruckmann, Jochen"]
[Result "0-1"]
[WhiteElo "1718"]
[BlackElo "1778"]
[PlyCount "90"]
[EventDate "2018.09.23"]
[EventType "team-tourn"]
[EventRounds "9"]
[EventCountry "GER"]
[SourceTitle "EXT 2022"]
[Source "ChessBase"]
[SourceDate "2021.10.06"]
[SourceVersion "1"]
[SourceVersionDate "2021.10.06"]
[SourceQuality "1"]
[WhiteTeam "Witten"]
[BlackTeam "Ruettenscheid Rochade"]
[WhiteTeamCountry "GER"]
[BlackTeamCountry "GER"]

1. d4 b6 2. c4 e6 3. Nc3 Bb7 4. e4 Bb4 5. Bd3 Ne7 6. Nge2 0-0 7. Ng3 f5 8. f4 c5 9. d5 fxe4 10. Ngxe4 Nf5 11. 0-0 Bxc3 12. Nxc3 exd5 13. cxd5 Qf6 14. Rf3 Qd4+ 15. Kh1 Bxd5 16. Nxd5 Qxd5 17. b3 Qd4 18. Rb1 Qf6 19. g4 Nd4 20. Rh3 g6 21. Bb2 Nbc6 22. f5 Ne5 23. Be4 Rae8 24. Bd5+ Kh8 25. fxg6 Qxg6 26. Rc1 Qxg4 27. Qxg4 Nxg4 28. Rf3 Rxf3 29. Bxf3 Nf2+ 30. Kg2 Nd3 31. Bxd4+ cxd4 32. Rd1 Ne1+ 33. Kf2 Nxf3 34. Kxf3 Kg7 35. Rxd4 Re7 36. a4 Kf6 37. h4 Rf7 38. Ke3 Re7+ 39. Kd3 Rg7 40. Kc4 Ke5 41. Rd5+ Ke6 42. Rh5 d6 43. Rh6+ Ke5 44. Rh5+ Ke4 45. Rd5 Rc7+ 0-1

[Event "Ruhrgebiet Verbandsklasse Gruppe 3 1718"]
[Site "Germany"]
[Date "2018.04.29"]
[Round "9.5"]
[White "Bruckmann, Jochen"]
[Black "Hirschberg, Markus"]
[Result "1-0"]
[WhiteElo "1783"]
[BlackElo "1796"]
[PlyCount "55"]
[EventDate "2017.09.17"]
[EventType "team-tourn"]
[EventRounds "9"]
[EventCountry "GER"]
[SourceTitle "EXT 2022"]
[Source "ChessBase"]
[SourceDate "2021.10.06"]
[SourceVersion "1"]
[SourceVersionDate "2021.10.06"]
[SourceQuality "1"]
[WhiteTeam "Ruettenscheid Rochade"]
[BlackTeam "Buer Hassel"]
[WhiteTeamCountry "GER"]
[BlackTeamCountry "GER"]

1. e4 e6 2. d4 d5 3. Nd2 c5 4. c3 Nc6 5. Bb5 Bd7 6. Ngf3 cxd4 7. cxd4 dxe4 8. Nxe4 Qa5+ 9. Nc3 Bb4 10. Qd3 Nf6 11. 0-0 0-0 12. Bf4 Rad8 13. a3 Be7 14. b4 Qb6 15. Na4 Nxb4 16. Nxb6 Nxd3 17. Nxd7 Nxf4 18. Nxf8 Kxf8 19. g3 N4d5 20. Rfc1 Ne4 21. Bd3 Nd6 22. Bc4 Nb6 23. Bb3 Nb5 24. a4 Nxd4 25. Nxd4 Rxd4 26. a5 Na8 27. Rc8+ Rd8 28. Rac1 1-0

[Event "Ruhrgebiet Verbandsklasse Gruppe 3 1718"]
[Site "Germany"]
[Date "2017.11.05"]
[Round "3.6"]
[White "Bruckmann, Jochen"]
[Black "Seref, Erdogan"]
[Result "1/2-1/2"]
[WhiteElo "1787"]
[BlackElo "1789"]
[PlyCount "114"]
[EventDate "2017.09.17"]
[EventType "team-tourn"]
[EventRounds "9"]
[EventCountry "GER"]
[SourceTitle "EXT 2022"]
[Source "ChessBase"]
[SourceDate "2021.10.06"]
[SourceVersion "1"]
[SourceVersionDate "2021.10.06"]
[SourceQuality "1"]
[WhiteTeam "Ruettenscheid Rochade"]
[BlackTeam "Brackel SF III"]
[WhiteTeamCountry "GER"]
[BlackTeamCountry "GER"]

1. e4 e5 2. Nf3 Nc6 3. Bc4 Bc5 4. 0-0 d6 5. h3 Nf6 6. d3 h6 7. Be3 Bxe3 8. fxe3 Na5 9. Nbd2 Nxc4 10. Nxc4 0-0 11. c3 Be6 12. Ncd2 c6 13. d4 Qc7 14. Qe1 Rae8 15. Qg3 Nd7 16. Nh4 d5 17. Nf5 Bxf5 18. Rxf5 Qb6 19. b3 dxe4 20. Nc4 Qc7 21. dxe5 b5 22. Nd6 Rxe5 23. Rxe5 Qxd6 24. Rg5 Qxg3 25. Rxg3 Ne5 26. Rd1 Nd3 27. Rg4 Re8 28. Rxe4 Rxe4 29. Rxd3 Kf8 30. Kf2 Ke7 31. Kf3 Re5 32. Rd4 h5 33. a4 a6 34. axb5 axb5 35. g4 h4 36. g5 Rxg5 37. Rxh4 Ke6 38. c4 bxc4 39. Rxc4 Kd5 40. Kf4 Rh5 41. e4+ Kd6 42. Kg4 Rb5 43. b4 f6 44. h4 g6 45. Kf4 Rh5 46. Kg4 Rh8 47. Rc5 Rb8 48. Rc4 Ke5 49. Kf3 Rb6 50. Kg4 Kd6 51. Kf4 Rb5 52. Rd4+ Ke6 53. Rc4 Kd6 54. Rd4+ Kc7 55. Rc4 Kb6 56. Rd4 Rh5 57. Kg4 Re5 1/2-1/2

[Event "Ruhrgebiet Verbandsklasse Gruppe 2 1617"]
[Site "Germany"]
[Date "2017.02.19"]
[Round "7.8"]
[White "Bruckmann, Jochen"]
[Black "Budde, Uwe"]
[Result "1-0"]
[WhiteElo "1724"]
[BlackElo "1789"]
[PlyCount "61"]
[EventDate "2016.09.04"]
[EventType "team-tourn"]
[EventRounds "9"]
[EventCountry "GER"]
[SourceTitle "EXT 2022"]
[Source "ChessBase"]
[SourceDate "2021.10.06"]
[SourceVersion "1"]
[SourceVersionDate "2021.10.06"]
[SourceQuality "1"]
[WhiteTeam "Ruettenscheid Rochade"]
[BlackTeam "Boenen SV"]
[WhiteTeamCountry "GER"]
[BlackTeamCountry "GER"]

1. e4 d6 2. d4 Nf6 3. Bd3 e5 4. d5 Be7 5. c4 0-0 6. Nc3 a5 7. Nge2 h6 8. 0-0 Nh7 9. f4 exf4 10. Bxf4 Bg5 11. Qc2 Bxf4 12. Nxf4 Nf6 13. Rae1 Nbd7 14. Qe2 Ne5 15. Bc2 Bg4 16. Qf2 Nxc4 17. Nd3 Nd7 18. Ba4 Nde5 19. Bc2 Qg5 20. Nb5 Rac8 21. b3 Nd2 22. h4 Nxd3 23. Bxd3 Nxe4 24. Rxe4 Qxd5 25. Rd4 Qh5 26. Nc3 Be6 27. Qf4 Qc5 28. Ne2 Rce8 29. Rf3 Bd5 30. Rg3 Kh8 31. Qf5 1-0

[Event "Pfalz op 03rd"]
[Site "Neustadt an der Weinstrasse"]
[Date "2012.03.03"]
[Round "8"]
[White "Bruckmann, Jochen"]
[Black "Hilverda, Alexander"]
[Result "1/2-1/2"]
[WhiteElo "2047"]
[BlackElo "2229"]
[PlyCount "71"]
[EventDate "2012.02.17"]
[EventType "swiss"]
[EventRounds "9"]
[EventCountry "GER"]
[SourceTitle "EXT 2013"]
[Source "ChessBase"]
[SourceDate "2012.11.22"]
[SourceVersion "1"]
[SourceVersionDate "2012.11.22"]
[SourceQuality "1"]

1. e4 c5 2. d4 cxd4 3. c3 dxc3 4. Nxc3 Nc6 5. Bc4 Nf6 6. Nf3 e6 7. Bf4 d6 8. 0-0 Be7 9. Re1 0-0 10. Nb5 e5 11. Bg5 a6 12. Bxf6 gxf6 13. Nc3 f5 14. Qe2 fxe4 15. Qxe4 Kh8 16. Rad1 Bd7 17. g3 Rc8 18. Nd5 f5 19. Qe3 Be6 20. h4 b5 21. Nxe7 Qxe7 22. Bxe6 Qxe6 23. Ng5 Qf6 24. Qa3 Nd4 25. Qxa6 h6 26. Rxd4 exd4 27. Re6 Qg7 28. Qxd6 hxg5 29. Rh6+ Kg8 30. Rg6 Rcd8 31. Rxg7+ Kxg7 32. Qe7+ Kh8 33. hxg5 Rde8 34. Qd6 Rd8 35. Qh6+ Kg8 36. Qg6+ 1/2-1/2

[Event "Pfalz op 03rd"]
[Site "Neustadt an der Weinstrasse"]
[Date "2012.02.17"]
[Round "1"]
[White "Zozulia, Anna"]
[Black "Bruckmann, Jochen"]
[Result "1-0"]
[WhiteElo "2357"]
[BlackElo "2047"]
[PlyCount "73"]
[EventDate "2012.02.17"]
[EventType "swiss"]
[EventRounds "9"]
[EventCountry "GER"]
[SourceTitle "EXT 2013"]
[Source "ChessBase"]
[SourceDate "2012.11.22"]
[SourceVersion "1"]
[SourceVersionDate "2012.11.22"]
[SourceQuality "1"]

1. e4 e5 2. Nf3 Nc6 3. Bb5 Bc5 4. 0-0 Nf6 5. Nxe5 Bxf2+ 6. Rxf2 Nxe5 7. d4 Ng6 8. Nc3 c6 9. e5 Nd5 10. Qf3 0-0 11. Nxd5 cxb5 12. b3 d6 13. Ba3 Be6 14. Bxd6 Rc8 15. Ne3 Rc3 16. Re1 Qg5 17. Bxf8 Kxf8 18. Qg3 Qd8 19. Rd2 Qa5 20. Qf2 Bd7 21. Rf1 Be8 22. Nf5 Qd8 23. Nd6 Rc7 24. Qe3 Re7 25. Qg5 Kg8 26. Rdf2 Qd7 27. Qf5 Qxf5 28. Rxf5 Nh8 29. c4 bxc4 30. bxc4 Ba4 31. R5f3 Bc2 32. d5 Rxe5 33. Nxf7 Nxf7 34. Rxf7 Re8 35. d6 Bd3 36. d7 Rd8 37. Rf8+ 1-0

[Event "Ruhrgebiet VK2 0304"]
[Site "Ruhrgebiet"]
[Date "2004.03.28"]
[Round "8.3"]
[White "Bruckmann, Jochen"]
[Black "Remmler, Volker"]
[Result "0-1"]
[WhiteElo "1902"]
[BlackElo "2037"]
[PlyCount "48"]
[EventDate "2003.09.28"]
[EventType "team"]
[EventRounds "9"]
[EventCountry "GER"]
[SourceTitle "EXT 2007"]
[Source "ChessBase"]
[SourceDate "2006.11.23"]
[SourceVersion "1"]
[SourceVersionDate "2006.11.23"]
[SourceQuality "1"]
[WhiteTeam "Ruettenscheid Rochade"]
[BlackTeam "Dortmund Hansa III"]
[WhiteTeamCountry "GER"]
[BlackTeamCountry "GER"]

1. d4 Nf6 2. c4 d6 3. Nc3 e5 4. dxe5 dxe5 5. Qxd8+ Kxd8 6. Nf3 Nbd7 7. a3 c6 8. Bg5 Kc7 9. Bxf6 gxf6 10. g3 Nb6 11. b3 a5 12. Ne4 Be6 13. Rd1 Bxa3 14. Nxf6 Bb4+ 15. Nd2 Rhd8 16. e3 a4 17. c5 Nd5 18. Nfe4 Nc3 19. Nxc3 Bxc3 20. Bc4 Bxc4 21. bxc4 Rxd2 22. Rxd2 Rd8 23. Ke2 Rxd2+ 24. Kf3 a3 0-1

[Event "Ruhrgebiet VK2 0304"]
[Site "Ruhrgebiet"]
[Date "2004.02.29"]
[Round "7.3"]
[White "Gerst, Michael"]
[Black "Bruckmann, Jochen"]
[Result "1-0"]
[WhiteElo "1889"]
[BlackElo "1902"]
[PlyCount "97"]
[EventDate "2003.09.28"]
[EventType "team"]
[EventRounds "9"]
[EventCountry "GER"]
[SourceTitle "EXT 2007"]
[Source "ChessBase"]
[SourceDate "2006.11.23"]
[SourceVersion "1"]
[SourceVersionDate "2006.11.23"]
[SourceQuality "1"]
[WhiteTeam "Oberhausen II"]
[BlackTeam "Ruettenscheid Rochade"]
[WhiteTeamCountry "GER"]
[BlackTeamCountry "GER"]

1. d4 d5 2. Nf3 Bf5 3. Bf4 Nf6 4. e3 Nh5 5. Bg3 Nxg3 6. hxg3 h6 7. Bd3 Bxd3 8. Qxd3 c6 9. 0-0 Nd7 10. c4 e6 11. Nc3 Be7 12. e4 Nf6 13. exd5 cxd5 14. cxd5 Nxd5 15. Qb5+ Qd7 16. Qxd7+ Kxd7 17. Ne5+ Ke8 18. Nxd5 exd5 19. Rac1 Bd6 20. Rfe1 Kf8 21. Ng4 Rd8 22. Ne3 Bb4 23. Red1 Ke7 24. Rc7+ Ke6 25. Rxb7 Rb8 26. Rxa7 Rhc8 27. Ra6+ Bd6 28. b3 Rb5 29. Re1 Kd7 30. Ra7+ Rc7 31. Rxc7+ Bxc7 32. Nf5 g6 33. Nxh6 f5 34. Nf7 Ra5 35. a4 Ra6 36. Ne5+ Kd8 37. Nd3 Rc6 38. Nc5 Bd6 39. b4 Rb6 40. b5 Rb8 41. Re6 Bxc5 42. dxc5 Ra8 43. Rxg6 Rxa4 44. Rd6+ Ke7 45. Rxd5 Ke6 46. Rd6+ Ke5 47. b6 Rc4 48. b7 Rb4 49. Rb6 1-0

[Event "Ruhrgebiet VK2 0304"]
[Site "Ruhrgebiet"]
[Date "2003.09.28"]
[Round "1.3"]
[White "Bruckmann, Jochen"]
[Black "Roitburd, Marina"]
[Result "1-0"]
[WhiteElo "1902"]
[BlackElo "2016"]
[PlyCount "111"]
[EventDate "2003.09.28"]
[EventType "team"]
[EventRounds "9"]
[EventCountry "GER"]
[SourceTitle "EXT 2007"]
[Source "ChessBase"]
[SourceDate "2006.11.23"]
[SourceVersion "1"]
[SourceVersionDate "2006.11.23"]
[SourceQuality "1"]
[WhiteTeam "Ruettenscheid Rochade"]
[BlackTeam "Muelheim Nord III"]
[WhiteTeamCountry "GER"]
[BlackTeamCountry "GER"]

1. d4 Nf6 2. c4 g6 3. Nc3 d5 4. e3 Bg7 5. Nf3 0-0 6. h3 c5 7. dxc5 Qa5 8. Nd4 dxc4 9. Bxc4 Qxc5 10. Qb3 e5 11. Nf3 Nc6 12. Na4 Qe7 13. Bd2 Ne4 14. Nc3 Nc5 15. Nd5 Qd6 16. Qc2 Bf5 17. Qd1 Nd3+ 18. Bxd3 Bxd3 19. Qb3 e4 20. Rd1 exf3 21. Qxd3 fxg2 22. Rg1 Qh2 23. Ke2 Qxh3 24. Bc3 Ne5 25. Qe4 Qg4+ 26. Qxg4 Nxg4 27. Bxg7 Kxg7 28. Rxg2 Ne5 29. f4 Nc4 30. b3 Nd6 31. Kf3 f5 32. Nc7 Rad8 33. Ne6+ Kf7 34. Nxd8+ Rxd8 35. Rh2 h5 36. Rhd2 Ke7 37. Kg2 Nf7 38. Rxd8 Nxd8 39. Kh3 Ne6 40. Kh4 Nc5 41. Kg5 Kf7 42. Kh6 h4 43. Kg5 h3 44. Rh1 Ne4+ 45. Kh4 Kf6 46. Rxh3 g5+ 47. fxg5+ Nxg5 48. Rh1 Ne4 49. Rc1 Nd6 50. Kg3 Ke5 51. Kf3 Ne4 52. Rc7 Nd6 53. Rc5+ Ke6 54. Kf4 b6 55. Rc6 Kd5 56. Rxd6+ 1-0

[Event "Ruhrgebiet VL,VK 9900 Relegation2"]
[Site "Ruhrgebiet"]
[Date "2000.06.25"]
[Round "?"]
[White "Gielisch, Ulrich"]
[Black "Bruckmann, Jochen"]
[Result "0-1"]
[WhiteElo "1657"]
[BlackElo "1859"]
[PlyCount "74"]
[EventDate "2000.??.??"]
[EventType "team-tourn"]
[EventRounds "3"]
[EventCountry "GER"]
[SourceTitle "EXT 2024"]
[Source "ChessBase"]
[SourceDate "2023.10.10"]
[SourceVersion "1"]
[SourceVersionDate "2023.10.10"]
[SourceQuality "1"]
[WhiteTeam "Marten Boevinghausen"]
[BlackTeam "Ruettenscheid Rochade"]
[WhiteTeamCountry "GER"]
[BlackTeamCountry "GER"]

1. d4 Nf6 2. c4 e6 3. Nf3 d5 4. Nc3 c5 5. Bg5 cxd4 6. Nxd4 e5 7. Nf3 d4 8. Bxf6 gxf6 9. Nd5 Be6 10. e3 Bxd5 11. cxd5 Bb4+ 12. Nd2 Qxd5 13. exd4 Qxd4 14. Bb5+ Nc6 15. 0-0 Qxd2 16. Qg4 Qf4 17. Qg7 Ke7 18. Qg3 Qxg3 19. fxg3 Nd4 20. Ba4 Rac8 21. a3 Bc5 22. Kh1 a5 23. Rac1 b5 24. Bd1 Bd6 25. Bg4 f5 26. Bh5 e4 27. Rcd1 Be5 28. Rd2 Rc5 29. h3 Nb3 30. Rdf2 Bxg3 31. Rxf5 Rxf5 32. Rxf5 f6 33. Rf1 Rc8 34. Rd1 Rc1 35. Kg1 Rxd1+ 36. Bxd1 a4 37. Kf1 Be5 0-1

[Event "Duisburg op 6th"]
[Site "Duisburg"]
[Date "1999.??.??"]
[Round "5"]
[White "Bruckmann, Jochen"]
[Black "Schnitzer, Peter"]
[Result "1/2-1/2"]
[WhiteElo "1766"]
[BlackElo "2006"]
[PlyCount "92"]
[EventDate "1999.05.21"]
[EventType "swiss"]
[EventRounds "7"]
[EventCountry "GER"]
[SourceTitle "EXT 2004"]
[Source "ChessBase"]
[SourceDate "2003.11.25"]
[SourceVersion "1"]
[SourceVersionDate "2003.11.25"]
[SourceQuality "1"]

1. e4 c5 2. f4 d6 3. Nf3 Nc6 4. Bc4 e6 5. d3 g6 6. 0-0 Nge7 7. c3 Bg7 8. Be3 d5 9. Bb5 d4 10. cxd4 cxd4 11. Bf2 0-0 12. Nbd2 a6 13. Bxc6 Nxc6 14. Nb3 e5 15. fxe5 Bg4 16. Nbd2 Nxe5 17. Qb3 Be6 18. Qa3 Ng4 19. h3 Nxf2 20. Rxf2 Rc8 21. Nb3 Bh6 22. Kh1 Be3 23. Re2 Bxb3 24. Qxb3 Qc7 25. Qb4 Rfd8 26. Qe1 Rd6 27. Ne5 Bf4 28. Nc4 Rc6 29. e5 b5 30. Nd6 Rd8 31. a4 bxa4 32. Nc4 Rxc4 33. dxc4 d3 34. Re4 d2 35. Qd1 Bxe5 36. Qxa4 Bxb2 37. Rd1 Bc3 38. Qxa6 Qg3 39. Qb6 Rb8 40. Qe3 Qe1+ 41. Rxe1 dxe1R+ 42. Qxe1 Bxe1 43. Rxe1 Rc8 44. Rc1 Kg7 45. Kh2 Kf6 46. Kg3 Rc5 1/2-1/2

[Event "Duisburg op 6th"]
[Site "Duisburg"]
[Date "1999.??.??"]
[Round "6"]
[White "Lukovski, Lev"]
[Black "Bruckmann, Jochen"]
[Result "1-0"]
[WhiteElo "2095"]
[BlackElo "1786"]
[PlyCount "63"]
[EventDate "1999.05.21"]
[EventType "swiss"]
[EventRounds "7"]
[EventCountry "GER"]
[SourceTitle "EXT 2004"]
[Source "ChessBase"]
[SourceDate "2003.11.25"]
[SourceVersion "1"]
[SourceVersionDate "2003.11.25"]
[SourceQuality "1"]

1. b4 d5 2. Bb2 Bf5 3. e3 Nf6 4. Nf3 e6 5. a3 Nbd7 6. d4 Bd6 7. Nbd2 Ne4 8. c4 c6 9. Nxe4 Bxe4 10. Bd3 Nf6 11. 0-0 h5 12. h3 Bxf3 13. Qxf3 g5 14. cxd5 g4 15. Qe2 Nxd5 16. f4 gxh3 17. g3 Kd7 18. Kh1 Qg8 19. Rg1 Qg4 20. Qf2 Rag8 21. e4 Ne7 22. d5 Rh6 23. dxc6+ Nxc6 24. Rad1 Ke7 25. e5 Bc7 26. Qc5+ Ke8 27. Be4 Bb6 28. Qd6 f5 29. Bxc6+ bxc6 30. Qxc6+ Kf7 31. Rd7+ Kg6 32. Qxe6# 1-0